000 01154nam a22003257i 4500
003 DO-SdBNP
005 20251112125842.0
007 ta
008 240719b2016 dr ||||| |||| 00| 0 spa d
020 _a9781545339718
040 _aDO-SdBNP
_bspa
_cBNPHU
_erda
041 _aspa
082 4 _a927.9
_bR896m 2016
_222
100 _aRubirosa, Porfirio,
_b1909-1965
_97030
_eautor
_4aut.
245 1 0 _aMi vida como playboy /
_cPorfirio Rubirosa.
264 1 _aSanto Domingo :
_bEditorial Letra gráfica,
_c©2016.
300 _a159 páginas :
_bilustraciones, fotos, retratos ;
_c23 cm.
336 _atexto
_btxt
_2rdacontent
337 _asin mediación
_bn
_2rdamedia
338 _avolumen
_bnc
_2rdacarrier
490 0 _aLibros para todos
500 _aIncluye datos biográficos del autor en la contracubierta.
590 _aInventariado, 2024 /LP
600 1 4 _aRubirosa, Porfirio,
_d1909-1965
_97030
600 1 4 _aRubirosa, Porfirio,
_d1909-1965
_xRelaciones con mujeres
_97031
650 4 _aDiplomáticos
_xBiografías
_zRepública Dominicana
_986143
650 4 _aCelebridades
_xBiografías
_97033
910 _aLoPeréz
942 _2ddc
_cLBS1
999 _c57321
_d57321